2010 MLB Playoff Lineups - Statistics

General Stats
  • This quiz has been taken 33 times
  • The average score is 48 of 105
Answer Stats
Hint Hint Answer % Correct
New York Yankees 3B Alex Rodriguez
100%
New York Yankees SS Derek Jeter
100%
Tampa Bay Rays 2B Sean Rodriguez
100%
San Francisco Giants C Buster Posey
92%
Tampa Bay Rays 3B Evan Longoria
92%
Minnesota Twins C Joe Mauer
92%
Texas Rangers CF Josh Hamilton
92%
Philadelphia Phillies SP Roy Halladay
92%
Philadelphia Phillies 1B Ryan Howard
92%
New York Yankees SP C.C. Sabathia
83%
Texas Rangers SP Cliff Lee
83%
Philadelphia Phillies SP Cole Hamels
83%
Tampa Bay Rays SP David Price
83%
Atlanta Braves 1B Derrek Lee
83%
Philadelphia Phillies SS Jimmy Rollins
83%
New York Yankees C Jorge Posada
83%
New York Yankees 1B Mark Teixeira
83%
New York Yankees 2B Robinson Cano
83%
Cincinnati Reds 3B Scott Rolen
83%
Tampa Bay Rays LF Carl Crawford
75%
Philadelphia Phillies 2B Chase Utley
75%
Minnesota Twins LF Delmon Young
75%
Cincinnati Reds 1B Joey Votto
75%
Texas Rangers 3B Michael Young
75%
Texas Rangers C Bengie Molina
67%
Tampa Bay Rays CF B.J. Upton
67%
Texas Rangers SS Elvis Andrus
67%
Texas Rangers RF Nelson Cruz
67%
Philadelphia Phillies CF Shane Victorino
67%
San Francisco Giants SP Tim Lincecum
67%
New York Yankees SP Andy Pettitte
58%
Cincinnati Reds 2B Brandon Phillips
58%
New York Yankees LF Brett Gardner
58%
San Francisco Giants MGR Bruce Bochy
58%
San Francisco Giants SS Edgar Renteria
58%
New York Yankees MGR Joe Girardi
58%
Texas Rangers 1B Mitch Moreland
58%
Atlanta Braves C Brian McCann
50%
Tampa Bay Rays 1B Carlos Peña
50%
New York Yankees CF Curtis Granderson
50%
Texas Rangers LF David Murphy
50%
Atlanta Braves SP Derek Lowe
50%
Texas Rangers 2B Ian Kinsler
50%
Tampa Bay Rays MGR Joe Maddon
50%
San Francisco Giants SP Madison Bumgarner
50%
New York Yankees RF Nick Swisher
50%
Philadelphia Phillies 3B Placido Polanco
50%
Texas Rangers DH Vladimir Guerrero
50%
San Francisco Giants 1B Aubrey Huff
42%
Tampa Bay Rays RF Ben Zobrist
42%
Philadelphia Phillies MGR Charlie Manuel
42%
Texas Rangers SP C.J. Wilson
42%
Texas Rangers SP Colby Lewis
42%
San Francisco Giants 2B Freddy Sanchez
42%
Cincinnati Reds RF Jay Bruce
42%
Philadelphia Phillies RF Jayson Werth
42%
San Francisco Giants SP Jonathan Sanchez
42%
San Francisco Giants 3B Juan Uribe
42%
San Francisco Giants SP Matt Cain
42%
Cincinnati Reds SS Orlando Cabrera
42%
Texas Rangers MGR Ron Washington
42%
New York Yankees SP A.J. Burnett
33%
Atlanta Braves SS Alex Gonzalez
33%
San Francisco Giants CF Andres Torres
33%
Atlanta Braves MGR Bobby Cox
33%
Philadelphia Phillies C Carlos Ruiz
33%
San Francisco Giants RF Cody Ross
33%
Tampa Bay Rays DH Dan Johnson
33%
Tampa Bay Rays SP James Shields
33%
Atlanta Braves RF Jason Heyward
33%
Cincinnati Reds SP Johnny Cueto
33%
San Francisco Giants LF Pat Burrell
33%
Philadelphia Phillies LF Raul Ibañez
33%
Texas Rangers SP Tommy Hunter
33%
Cincinnati Reds MGR Dusty Baker
25%
Minnesota Twins SP Francisco Liriano
25%
Philadelphia Phillies SP Joe Blanton
25%
Tampa Bay Rays SP Matt Garza
25%
Minnesota Twins 2B Orlando Hudson
25%
Minnesota Twins MGR Ron Gardenhire
25%
Atlanta Braves SP Tim Hudson
25%
Tampa Bay Rays SP Wade Davis
25%
Cincinnati Reds SP Bronson Arroyo
17%
Minnesota Twins DH Jim Thome
17%
Cincinnati Reds LF Jonny Gomes
17%
Atlanta Braves LF Matt Diaz
17%
Minnesota Twins 1B Michael Cuddyer
17%
Atlanta Braves 3B Omar Infante
17%
New York Yankees SP Phil Hughes
17%
Cincinnati Reds C Ramon Hernandez
17%
Philadelphia Phillies SP Roy Oswalt
17%
Atlanta Braves 2B Brooks Conrad
8%
Minnesota Twins CF Denard Span
8%
Cincinnati Reds SP Edinson Volquez
8%
Tampa Bay Rays SS Jason Bartlett
8%
Minnesota Twins RF Jason Kubel
8%
Atlanta Braves CF Rick Ankiel
8%
Minnesota Twins SP Brian Duensing
0%
Minnesota Twins SP Carl Pavano
0%
Minnesota Twins 3B Danny Valencia
0%
Cincinnati Reds CF Drew Stubbs
0%
Minnesota Twins SS J.J. Hardy
0%
Tampa Bay Rays C John Jaso
0%
New York Yankees DH Marcus Thames
0%
Atlanta Braves SP Tommy Hanson
0%
No matching quizzes found
Score Distribution
Percent of People with Each Score
Percentile by Number Answered
Your Score History
You have not taken this quiz